| 000 | 00605cam a2200181 4500500 | ||
|---|---|---|---|
| 005 | 20260111080203.0 | ||
| 041 | _afre | ||
| 042 | _adc | ||
| 100 | 1 | 0 |
_aCour des comptes _eauthor |
| 245 | 0 | 0 | _aLes pensions de retraite des fonctionnaires |
| 260 | _c2017. | ||
| 500 | _a37 | ||
| 690 | _afinances sociales | ||
| 690 | _arégimes spéciaux | ||
| 690 | _aretraites des fonctionnaires | ||
| 786 | 0 | _nGestion & Finances Publiques | 2 | 2 | 2017-01-30 | p. 81-88 | 1969-1009 | |
| 856 | 4 | 1 | _uhttps://droit.cairn.info/revue-gestion-et-finances-publiques-2017-2-page-81?lang=fr&redirect-ssocas=7080 |
| 999 |
_c1615995 _d1615995 |
||